El método de coordenadas /
Guardado en:
| Autor Principal: | |
|---|---|
| Otros Autores: | , |
| Formato: | Libro |
| Idioma: | Spanish Russian |
| Publicado: |
Moscú :
Mir,
[1973?].
|
| Edición: | 2.ª ed. |
| Series: | Lecciones populares de matemáticas.
|
| Etiquetas: |
Agregar Etiqueta
Sin Etiquetas, Sea el primero en etiquetar este registro!
|
| LEADER | 00740nam a22002055a 4500 | ||
|---|---|---|---|
| 001 | MAT.inmabb006655 | ||
| 008 | 120815s1973####ru#a##########000#0#spa#d | ||
| 005 | 20170523130329.0 | ||
| 245 | 1 | 3 | |a El método de coordenadas / |c I. Gelfand, E. Glagolieva, A. Kirillov ; traducido del ruso por Inés Harding Rojas. |
| 250 | |a 2.ª ed. | ||
| 260 | |a Moscú : |b Mir, |c [1973?]. | ||
| 300 | |a 95 p. : |b il. ; |c 20 cm. | ||
| 490 | 1 | |a Lecciones populares de matemáticas | |
| 100 | 1 | |a Gel´fand, I. M. |q (Izrail´ Moiseevich) | |
| 700 | 1 | |a Glagolieva, E. | |
| 700 | 1 | |a Kirillov, A. A. |q (Aleksandr Aleksandrovich), |d 1936- | |
| 830 | 0 | |a Lecciones populares de matemáticas. | |
| 084 | |a 97A20 |2 msc2000 | ||
| 041 | 1 | |a spa |h rus | |
| 859 | |h 97 |i G316-2 |p A-8646 |b BIB. MATEMATICA | ||
